| 000 | 00453nam a2200157 4500 | ||
|---|---|---|---|
| 001 | 6772 | ||
| 005 | 20181127182217.0 | ||
| 020 | 0 | 0 | _a9788120333215 |
| 100 | 0 | 0 | _aReddy, M Kasi. |
| 245 | 0 | 0 |
_aManagerial economics and financial accounting / _b _cM Kasi Reddy; S Saraswathi. _h |
| 260 | 0 | 0 |
_aNew Delhi ; _b Prentice-Hall of India, _c2007. |
| 300 | 0 | 0 | _axiv, 578 p; 25 cm. |
| 650 | 0 | 0 |
_aAccounting. _x |
| 650 | 0 | 0 |
_aEconomics. _x |
| 650 | 0 | 0 |
_aManagerial economics. _x |
| 999 |
_c5712 _d5712 |
||